| 000 | 00000nam##2200000za#4500 |
| 001 | 9.604858 |
| 003 | CaOODSP |
| 005 | 20210624211824 |
| 007 | cr ||||||||||| |
| 008 | 150406|2007||||xxc|||||o f|0| 0 fre|d |
| 040 | |aCaOODSP|bfre |
| 043 | |an-cn--- |
| 086 | 1 |aFo29-47/36-2007F-PDF |
| 110 | 1 |aCanada.|bRessources naturelles Canada. |bService canadien des forêts. |
| 245 | 10|aÉvaluation de la précision des cartes des dommages au stade rouge causés par le dendroctone du pin ponderosa produites à partir de données télédétectées|h[ressource électronique]|c[par] J.C. White, M.A. Wulder, D. Grills. |
| 260 | |aVictoria - Colombie Britannique : |bRessources naturelles Canada. |c2007. |
| 300 | |a4p.|bill. en couleur, références, tableaux |
| 490 | 1 |aNotes de transfert technologique|vN° 36, août 2007 |
| 500 | |aLe n° de catalogue et l'ISSN de l'édition imprimée apparaissent dans cette version électronique. |
| 590 | |a12-41-Supp|b2012-11-07 |
| 720 | 1 |aWulder, M. A |
| 720 | 1 |aGrills, D |
| 720 | 1 |aWhite, J. C. |
| 775 | 08|tAssessing the accuracy of mountain pine beetle red attack damage maps generated from satellite remotely sensed data|w(CaOODSP)9.575316 |
| 830 | #0|aNotes de transfert technologique ;|vN° 36, août 2007|w(CaOODSP)9.501177 |
| 856 | 40|ahttp://publications.gc.ca|qPDF|s327 Ko|uhttps://publications.gc.ca/collections/collection_2012/rncan-nrcan/Fo29-47-36-2007-fra.pdf|yN° 36, août 2007 |